The economics of business enterprise : (Record no. 167066)

MARC details
000 -LEADER
fixed length control field 00755cam a2200205 a 4500
001 - CONTROL NUMBER
control field vtls000442960
003 - CONTROL NUMBER IDENTIFIER
control field MY-SjTCS
005 - DATE AND TIME OF LATEST TRANSACTION
control field 20200226120604.0
008 - FIXED-LENGTH DATA ELEMENTS--GENERAL INFORMATION
fixed length control field 110218s1987 enk 00 eng
020 ## - INTERNATIONAL STANDARD BOOK NUMBER
International Standard Book Number 0745008399
039 #9 - LEVEL OF BIBLIOGRAPHIC CONTROL AND CODING DETAIL [OBSOLETE]
Level of rules in bibliographic description 201207161628
Level of effort used to assign nonsubject heading access points stazrina
Level of effort used to assign subject headings 201102181445
Level of effort used to assign classification VLOAD
-- 200407271822
-- VLOAD
082 04 - DEWEY DECIMAL CLASSIFICATION NUMBER
Classification number 338.7
Item number RIC
100 1# - MAIN ENTRY--PERSONAL NAME
Personal name Ricketts, Martin.
9 (RLIN) 2524
245 14 - TITLE STATEMENT
Title The economics of business enterprise :
Remainder of title an introduction to economic organisation and the theory of the firm /
Statement of responsibility, etc. Martin Ricketts
250 ## - EDITION STATEMENT
Edition statement 2nd ed.
260 ## - PUBLICATION, DISTRIBUTION, ETC.
Place of publication, distribution, etc. Hemel Hempstead, U.K. :
Name of publisher, distributor, etc. Harvester Wheatsheaf,
Date of publication, distribution, etc. 1987.
300 ## - PHYSICAL DESCRIPTION
Extent xvi, 383 p. ;
Dimensions 24 cm.
650 #0 - SUBJECT ADDED ENTRY--TOPICAL TERM
Topical term or geographic name entry element Business enterprises
General subdivision Economic aspects.
920 ## - Programme
Programme UWE : 14325, 14326, 14327, 14328, 14329, 14330
Holdings
Withdrawn status Lost status Source of classification or shelving scheme Damaged status Not for loan Collection code Home library Current library Date acquired Total Checkouts Barcode Date last seen Date last checked out Copy number Koha item type Public note
Withdrawn   Dewey Decimal Classification     Please fill up online form at https://taylorslibrary.taylors.edu.my/services/external_storage1 Taylor's Library-TU TU External Storage-LCS 27/07/2004   1000009598 12/12/2019 01/02/2010 1 Main Collection TBSxx,34006,03,GR
Withdrawn   Dewey Decimal Classification     Please fill up online form at https://taylorslibrary.taylors.edu.my/services/external_storage1 Taylor's Library-TU TU External Storage-LCS 27/07/2004   1000009558 12/12/2019 01/02/2010 1 Main Collection TBSxx,34006,03,GR
Withdrawn   Dewey Decimal Classification       Taylor's Library-TU Taylor's Library-TU 27/07/2004 3 1000009563 12/12/2019 17/09/2013 1 Main Collection TBSxx,34006,03,GR